[Event "Challenge"]
[Site "http://www.queenalice.com/game.php?id=432457"]
[Date "2008.7.13"]
[Round "-"]
[White "RicardoFialho"]
[Black "pineapple"]
[Result "1-0"]
[WhiteElo "1763"]
[BlackElo "1620"]

1. e4 c5 2. Nc3 Nc6 3. Nf3 g6 4. b3 Bg7 5. Bb2 d6 6. Bb5 a6 7. Bxc6+ bxc6 8. d3
e5 9. h3 Ne7 10. Ba3 O-O 11. O-O Be6 12. Ng5 Bd7 13. Nf3 Qb6 14. Bc1 d5 15. Re1
Qa7 16. Bb2 a5 17. Na4 d4 18. Ba3 Be6 19. Bxc5 Qc7 20. Ng5 1-0

[Event "Challenge"]
[Site "http://www.queenalice.com/game.php?id=463440"]
[Date "2008.9.15"]
[Round "-"]
[White "Pawngal"]
[Black "pineapple"]
[Result "0-1"]
[WhiteElo "1369"]
[BlackElo "1618"]

1. e4 c5 2. Nf3 Nc6 3. Bc4 g6 4. O-O Bg7 5. Nc3 d6 6. d3 Nf6 7. Be3 Bd7 8. a3
O-O 9. b3 a6 10. b4 cxb4 11. axb4 Nxb4 12. h3 b5 13. Bb3 Qc8 14. Nd5 Nxc2 15.
Bxc2 Nxd5 16. exd5 Bxa1 17. Qxa1 Qxc2 18. d4 Qc8 19. Rc1 Qb7 20. Qa2 Rac8 21.
Rxc8 Rxc8 22. Ng5 f6 23. Ne4 Bf5 24. f3 Re8 25. g4 Bd7 26. f4 f5 27. gxf5 Bxf5
28. Ng3 e6 29. Nxf5 exf5 30. Bd2 Qb6 31. Bc3 Re4 32. Qf2 Qb7 33. h4 Qxd5 34. Bb2
a5 35. Bc3 b4 36. Bb2 Qb3 37. h5 Qd1+ 38. Qf1 Re1 39. Kf2 Rxf1+ 40. Ke3 Re1+ 41.
Kf2 Re2+ 42. Kg3 Qg1+ 43. Kf3 Qf2# 0-1

[Event "Challenge"]
[Site "http://www.queenalice.com/game.php?id=568912"]
[Date "2009.4.8"]
[Round "-"]
[White "Pawngal"]
[Black "pineapple"]
[Result "0-1"]
[WhiteElo "1366"]
[BlackElo "1624"]

1. e4 e5 2. Nf3 Nf6 3. Nc3 Nc6 4. Bc4 Bc5 5. O-O O-O 6. d3 d6 7. Be3 Bxe3 8.
fxe3 Bg4 9. Nd5 a6 10. a3 b5 11. Nxf6+ Qxf6 12. Bd5 Bd7 13. Bxc6 Bxc6 14. b4 Qe6
15. c4 bxc4 16. dxc4 Qxc4 17. Ng5 Bxe4 18. Nxe4 Qxe4 19. Qe2 c6 20. h3 f5 21. h4
Qxh4 22. Qf2 Qe4 23. Rfd1 Rad8 24. Rab1 f4 25. exf4 Rxf4 26. Qa2+ Kh8 27. Re1
Qd4+ 28. Kh2 Rh4+ 29. Kg3 Qf4# 0-1

[Event "Challenge"]
[Site "http://www.queenalice.com/game.php?id=592687"]
[Date "2009.5.23"]
[Round "-"]
[White "pineapple"]
[Black "Pawngal"]
[Result "1-0"]
[WhiteElo "1626"]
[BlackElo "1327"]

1. f4 f5 2. Nf3 Nf6 3. Nc3 g6 4. b3 Bg7 5. Bb2 O-O 6. e3 Nc6 7. Bc4+ e6 8. O-O
d5 9. Be2 Bd7 10. Ng5 a6 11. Na4 Ne4 12. Nxe4 fxe4 13. d3 exd3 14. Bxd3 Nb4 15.
Bxg7 Rf7 16. Bh6 Bxa4 17. bxa4 Nxd3 18. cxd3 c5 19. Qg4 Qd7 20. Qd1 d4 21. e4
Raf8 22. Bxf8 Kxf8 23. Qb3 e5 24. Qd5 Qxd5 25. exd5 exf4 26. Rac1 Rc7 27. Rxf4+
Kg7 28. Rb1 b5 29. axb5 axb5 30. Rxb5 g5 31. Rg4 h6 32. h4 Kg6 33. hxg5 hxg5 34.
Kf2 Kf5 35. Kf3 c4 36. d6+ Ke6 37. dxc7 cxd3 38. Rxd4 g4+ 39. Kxg4 d2 40. c8=Q+
Kf7 41. Qd7+ Kf6 42. Rd6# 1-0

[Event "Challenge"]
[Site "http://www.queenalice.com/game.php?id=600990"]
[Date "2009.6.9"]
[Round "-"]
[White "Bergman"]
[Black "pineapple"]
[Result "1-0"]
[WhiteElo "2659"]
[BlackElo "1630"]

1. c4 e5 2. Nc3 Nf6 3. Nf3 Nc6 4. e4 Bc5 5. Nxe5 Nxe5 6. d4 Bxd4 7. Qxd4 d6 8.
Be2 O-O 9. O-O Be6 10. b3 a6 11. Bb2 Nfd7 12. f4 Nc6 13. Qe3 Nf6 14. Rad1 Qe7
15. Qg3 h6 16. f5 Bd7 17. Nd5 Nxd5 18. Qxg7# 1-0

[Event "Challenge"]
[Site "http://www.queenalice.com/game.php?id=600991"]
[Date "2009.6.9"]
[Round "-"]
[White "pineapple"]
[Black "Bergman"]
[Result "0-1"]
[WhiteElo "1628"]
[BlackElo "2686"]

1. e4 a6 2. d4 b5 3. c4 Bb7 4. Nc3 b4 5. Nd5 e6 6. Nf4 Bxe4 7. Bd3 Nf6 8. Nf3
Bxd3 9. Nxd3 Be7 10. O-O a5 11. b3 O-O 12. Bg5 Ne4 13. Bxe7 Qxe7 14. Qc2 f5 15.
Nf4 Qd6 16. Ne2 a4 17. Ne5 c5 18. Nf3 Nc6 19. Rad1 cxd4 20. Nexd4 Nxd4 21. Rxd4
axb3 22. axb3 Qc7 23. Rfd1 Nc3 24. Rf1 Ra2 25. Qd3 Ne2+ 0-1

[Event "Challenge"]
[Site "http://www.queenalice.com/game.php?id=633850"]
[Date "2009.8.10"]
[Round "-"]
[White "Pawngal"]
[Black "pineapple"]
[Result "1/2-1/2"]
[WhiteElo "1351"]
[BlackElo "1625"]

1. e4 d5 2. exd5 Qxd5 3. Nc3 Qd8 4. Nf3 Nc6 5. Bb5 Bd7 6. O-O g6 7. d3 Bg7 8.
Bf4 Nf6 9. a3 O-O 10. Ne4 a6 11. Bc4 Nxe4 12. dxe4 Bxb2 13. Rb1 Bg7 14. Rxb7 Na5
15. Rb4 Nxc4 16. Rxc4 Bb5 17. Bxc7 Qxd1 18. Rxd1 Bxc4 19. h3 Rac8 20. Bb6 Be2
21. Re1 Rxc2 22. Ng5 Rfc8 23. g3 h6 24. Nxf7 Kxf7 25. f4 Rc1 26. Rxc1 Rxc1+ 27.
Kf2 Rc2 28. e5 Bg4+ 29. Ke3 Bxh3 30. Ke4 Rc3 31. Bd4 Rxa3 32. e6+ Kxe6 33. Bxg7
Bf5+ 34. Kd4 g5 35. Bxh6 gxf4 36. Bxf4 Ra4+ 37. Kc5 Ra5+ 38. Kb6 Ra1 39. Kc7 Kd5
40. Kd8 e5 41. Bg5 a5 42. Ke7 a4 43. Bh6 e4 44. Kf7 e3 45. Bxe3 a3 46. Bf2 Rf1
47. g4 Bxg4 48. Kg6 Rxf2 49. Kg5 Be6 50. Kg6 Ke5 51. Kg7 Rf6 52. Kh7 Bf5+ 53.
Kg7 Ke6 54. Kh8 Rf7 55. Kg8 a2 56. Kh8 Kf6 57. Kg8 Kg6 58. Kh8 Rg7 1/2-1/2

[Event "Challenge"]
[Site "http://www.queenalice.com/game.php?id=656640"]
[Date "2009.9.23"]
[Round "-"]
[White "pineapple"]
[Black "Laurea"]
[Result "0-1"]
[WhiteElo "1630"]
[BlackElo "1568"]

1. e4 e5 2. f4 exf4 3. Nf3 Nf6 4. Nc3 Bc5 5. d4 Bb4 6. Bd3 O-O 7. O-O d6 8. Bxf4
Bg4 9. a3 Bxc3 10. bxc3 h6 11. e5 dxe5 12. Bxe5 Nc6 13. Bg3 Qd7 14. Be2 Qe7 15.
Bd3 Rae8 16. Re1 Qd7 17. Qd2 Bxf3 18. gxf3 Nh5 19. Rxe8 Rxe8 20. f4 Nxg3 21.
hxg3 Qh3 22. Re1 Qxg3+ 23. Kf1 Rxe1+ 24. Qxe1 Qxf4+ 25. Kg1 g6 26. Qf2 Qxf2+ 27.
Kxf2 f5 28. Kf3 Kf7 29. Kf4 Kf6 30. d5 g5+ 31. Kf3 Ne5+ 32. Kg3 Nxd3 33. cxd3 h5
34. c4 f4+ 35. Kf3 Kf5 0-1

[Event "Challenge"]
[Site "http://www.queenalice.com/game.php?id=683023"]
[Date "2009.11.14"]
[Round "-"]
[White "thedead"]
[Black "pineapple"]
[Result "0-1"]
[WhiteElo "1539"]
[BlackElo "1612"]

1. e4 c5 2. Nf3 Nc6 3. d4 cxd4 4. Nxd4 g6 5. Nc3 Bg7 6. Be3 Nf6 7. Bd3 O-O 8.
Nf3 d6 9. Qd2 a6 10. O-O b5 11. a3 Bb7 12. Rad1 Qc7 13. Rfe1 e6 14. Bh6 e5 15.
h3 Qe7 16. Nh2 Nd4 17. Re3 Bxh6 0-1

[Event "spring is sprung!"]
[Site "http://www.queenalice.com/game.php?id=743253"]
[Date "2010.3.8"]
[Round "-"]
[White "pineapple"]
[Black "Pawngal"]
[Result "1-0"]
[WhiteElo "1614"]
[BlackElo "1321"]

1. e4 e5 2. d4 exd4 3. Qxd4 Nf6 4. Nc3 g6 5. Bg5 Bg7 6. O-O-O O-O 7. e5 Nc6 8.
Qf4 d6 9. exf6 Bxf6 10. Bh6 Be6 11. Kb1 a6 12. Ne4 d5 13. Nxf6+ Kh8 14. Nf3 a5
15. Nxh7 Rg8 16. Nf6 Bf5 17. Bg5 d4 18. Nxg8 Qxg8 19. Bf6+ Kh7 20. Qh4# 1-0

[Event "Challenge"]
[Site "http://www.queenalice.com/game.php?id=787749"]
[Date "2010.6.9"]
[Round "-"]
[White "pineapple"]
[Black "Pawngal"]
[Result "0-1"]
[WhiteElo "1607"]
[BlackElo "1341"]

1. e4 e5 2. Nf3 Nc6 3. d4 exd4 4. Nxd4 Nxd4 5. Nc3 Nc6 6. Bb5 Nge7 7. O-O a6 8.
Ba4 b5 9. Bb3 Bb7 10. Be3 Ne5 11. f3 d6 12. Qd4 g6 13. Rad1 Bg7 14. Qd2 O-O 15.
Nd5 Nxd5 16. Qxd5 Bxd5 17. Bxd5 Rb8 18. c3 c6 19. Bb3 h5 20. Rf2 Kh7 21. Rfd2 h4
22. Rxd6 Qe7 23. Bc5 Qg5 24. R6d2 h3 25. Rf2 hxg2 26. Bxf8 Bxf8 27. Rxg2 Qe3+
28. Kf1 Nxf3 29. Bc2 Bc5 30. Bd3 Rd8 31. e5 Rxd3 32. Rxd3 Qxd3+ 33. Re2 Qd1+ 34.
Kg2 Qxe2+ 35. Kg3 Qf2+ 36. Kh3 Qxh2+ 37. Kg4 Qh5+ 38. Kg3 g5 39. b3 g4 40. a4
Qxe5+ 41. Kxg4 Nh2+ 42. Kh4 Be7+ 43. Kh3 Qh5+ 44. Kg3 Bd6+ 45. Kf2 Bc5+ 46. Kg3
Bd6+ 47. Kf2 Qf3+ 48. Ke1 Bg3+ 49. Kd2 Nf1+ 50. Kc2 Qe2+ 51. Kc1 Bf4+ 52. Kb1
Qd1+ 53. Kb2 Bc1+ 54. Kb1 Nd2+ 55. Ka2 Qxb3+ 56. Ka1 Qb1# 0-1

[Event "Challenge"]
[Site "http://www.queenalice.com/game.php?id=958454"]
[Date "2011.7.9"]
[Round "-"]
[White "zmanomega"]
[Black "pineapple"]
[Result "1-0"]
[WhiteElo "1598"]
[BlackElo "1580"]

1. d4 d5 2. Nc3 Nf6 3. Bg5 Bf5 4. Bxf6 gxf6 5. f3 Nc6 6. e4 dxe4 7. Nge2 exf3 8.
gxf3 e6 9. Bg2 Rg8 10. Rg1 Bd6 11. Ng3 Bxg3+ 12. hxg3 Qxd4 13. Qxd4 Nxd4 14. Kf2
Nxc2 15. Rad1 c6 16. a3 Ke7 17. Rd2 Rad8 18. Rgd1 Rxd2+ 19. Rxd2 Rd8 20. Rxd8
Kxd8 21. b4 Nxa3 22. g4 Bg6 23. f4 Kc7 24. Ne4 Bxe4 25. Bxe4 Nc4 26. Bxh7 Kd6
27. Bg8 Ke7 28. Bh7 a5 29. bxa5 Nxa5 30. Kg3 Nc4 31. Kh4 b5 32. Kh5 Ne3 33. g5
1-0

[Event "Challenge"]
[Site "http://www.queenalice.com/game.php?id=1020562"]
[Date "2012.1.30"]
[Round "-"]
[White "Pawngal"]
[Black "pineapple"]
[Result "1-0"]
[WhiteElo "1378"]
[BlackElo "1565"]

1. e4 e5 2. Nf3 Nf6 3. Nc3 Nc6 4. Bb5 Bc5 5. O-O O-O 6. d3 a6 7. Ba4 d6 8. Be3
b5 9. Bb3 a5 10. Bxc5 dxc5 11. a4 bxa4 12. Nxa4 Qe7 13. Ng5 Bg4 14. Qd2 Rfd8 15.
Nxf7 Kf8 16. Nxd8 Rxd8 17. f3 Bh5 18. g4 Bg6 19. h3 Bf7 20. Bxf7 Kxf7 21. Qg5
Kg8 22. c3 Rxd3 23. h4 Qd8 24. Nxc5 Rd6 25. Nb7 Qd7 26. Nxd6 Qxd6 27. Rfd1 Qe6
28. Rd2 Kf7 29. h5 Qe7 30. Rad1 a4 31. Rd7 Nxd7 32. Qf5+ Nf6 33. Kg2 Qe6 34.
Qxe6+ Kxe6 35. Kg3 Nd7 36. Kh4 Nf6 37. g5 Nd7 38. h6 g6 39. Rd5 Nb6 40. Rd3 Nc4
41. b3 axb3 42. Rd1 b2 43. Rb1 N6a5 44. Kg4 Nb3 45. f4 exf4 46. Kxf4 c5 47. Re1
Ncd2 48. e5 b1=Q 49. Rxb1 c4 50. Ke3 Kxe5 51. Rh1 Kf5 52. Ke2 Ke4 53. Rh4+ Ke5
54. Rh3 Kf4 55. Re3 Kxg5 56. Re5+ Kf6 57. Re8 Kg5 58. Rh8 Ne4 59. Rxh7 Nf6 60.
Rg7 Nc5 61. h7 Nxh7 62. Rxh7 Ne4 63. Rc7 Nxc3+ 64. Kd2 Ne4+ 65. Kc2 Kf4 66. Rxc4
Ke3 67. Rc6 g5 68. Re6 g4 69. Kd1 Kf3 70. Re7 Nf2+ 71. Ke1 Kg2 72. Rg7 g3 73.
Ke2 Nh3 74. Rg6 Kh2 75. Kf1 Nf4 76. Rh6+ Nh3 77. Ke1 g2 78. Rg6 g1=Q+ 79. Rxg1
Nxg1 80. Kf1 Ne2 81. Kxe2 1-0

[Event "Challenge"]
[Site "http://www.queenalice.com/game.php?id=1200685"]
[Date "2013.7.18"]
[Round "-"]
[White "Pawngal"]
[Black "pineapple"]
[Result "1-0"]
[WhiteElo "1386"]
[BlackElo "1542"]

1. e4 c5 2. Nf3 Nc6 3. Nc3 g6 4. Bb5 Bg7 5. O-O a6 6. Bc4 b5 7. Bd5 Bb7 8. d3 e6
9. Bxc6 Bxc6 10. Be3 d6 11. a3 Ne7 12. h3 O-O 13. a4 b4 14. Nb1 a5 15. c3 Qd7
16. cxb4 cxb4 17. Nbd2 Bxb2 18. Rb1 Bc3 19. Nc4 Qc7 20. d4 Rfd8 21. d5 exd5 22.
exd5 Nxd5 23. Ng5 Nxe3 24. Nxe3 Qb7 25. f3 Re8 26. Nc4 Red8 27. Nxd6 Qb6+ 28.
Kh2 Bxf3 29. Qxf3 f6 30. Ngf7 Rxd6 31. Nxd6 Qxd6+ 32. g3 Rf8 33. h4 f5 34. Rfd1
Qf6 35. Qd5+ Kg7 36. Qb7+ Rf7 37. Rd7 Rxd7 38. Qxd7+ Kh6 39. Rd1 b3 40. Rd6 Qh8
41. h5 Kxh5 42. Kh3 Qg8 43. Rd3 Qg7 44. Qxg7 Bxg7 45. Rxb3 Bf8 46. Rb5 Bb4 47.
Rd5 Kg5 48. g4 h6 49. gxf5 gxf5 50. Kg3 h5 51. Rb5 h4+ 52. Kh3 Be1 53. Re5 Kf4
54. Rxe1 Kf3 55. Kxh4 f4 56. Rf1+ Ke3 57. Kh3 f3 58. Kg3 Ke2 59. Rxf3 Kd2 60.
Rf5 Kd3 61. Rxa5 Kc4 62. Ra8 Kb4 63. a5 Kb5 64. a6 Kb6 65. Kf4 Kc7 66. Ra7+ Kb6
67. Ra8 Kc7 68. Rh8 Kb6 69. Rh6+ Ka7 70. Kg5 Kb8 71. Rh7 Ka8 72. Kf6 Kb8 73. Kg6
Ka8 74. Kf6 Kb8 75. Ke6 Ka8 76. Kd6 Kb8 77. Kc6 Ka8 78. Kb6 Kb8 79. a7+ Ka8 80.
Rh8# 1-0

[Event "Challenge"]
[Site "http://www.queenalice.com/game.php?id=1316471"]
[Date "2014.10.19"]
[Round "-"]
[White "Pawngal"]
[Black "pineapple"]
[Result "0-1"]
[WhiteElo "1386"]
[BlackElo "1513"]

1. e4 e5 2. Nf3 Nf6 3. Nc3 Nc6 4. Bb5 b6 5. O-O Bc5 6. d3 Bb7 7. a4 O-O 8. Be3
a6 9. Bxc6 Bxc6 10. Bxc5 bxc5 11. h3 d6 12. b3 Qd7 13. Nd5 Nxd5 14. exd5 Bxd5
15. c4 Bc6 16. Qe2 Rab8 17. Rab1 Rb4 18. a5 Rfb8 19. Rfe1 Rxb3 20. Rxb3 Rxb3 21.
Ng5 Qf5 22. Ne4 Qg6 23. g3 f5 24. Nxd6 cxd6 25. h4 Qe8 26. h5 Qb8 27. Kf1 Rb1
28. Rxb1 Qxb1+ 29. Qe1 Qxd3+ 30. Kg1 Qf3 31. Qb1 Bb7 32. Qxb7 Qxb7 33. Kh2 Kf7
34. f3 Qb4 35. Kh3 Qxc4 36. f4 exf4 37. gxf4 Qxf4 38. Kg2 c4 39. h6 g5 40. Kh3
g4+ 41. Kh4 Kf6 42. Kh5 Qg5# 0-1

[Event "Challenge"]
[Site "http://www.queenalice.com/game.php?id=1318706"]
[Date "2014.10.28"]
[Round "-"]
[White "gobblemate"]
[Black "pineapple"]
[Result "0-1"]
[WhiteElo "1052"]
[BlackElo "1509"]

1. d4 d5 2. Nf3 Nf6 3. c4 dxc4 4. Nc3 Bf5 5. e3 e6 6. Bxc4 Bb4 7. Ne5 O-O 8. Nd3
a5 9. Nxb4 axb4 10. Ne2 Qe7 0-1

[Event "Challenge"]
[Site "http://www.queenalice.com/game.php?id=1318707"]
[Date "2014.10.28"]
[Round "-"]
[White "pineapple"]
[Black "gobblemate"]
[Result "1-0"]
[WhiteElo "1511"]
[BlackElo "1050"]

1. f4 d5 2. Nf3 Nf6 3. b3 c5 4. Bb2 e6 5. e3 Nc6 6. Be2 Bd6 7. O-O O-O 8. Nc3 d4
9. exd4 cxd4 10. Nb5 Bxf4 11. Nbxd4 1-0

[Event "Challenge"]
[Site "http://www.queenalice.com/game.php?id=1324990"]
[Date "2014.11.28"]
[Round "-"]
[White "JosephPyehoor"]
[Black "pineapple"]
[Result "1-0"]
[WhiteElo "1635"]
[BlackElo "1520"]

1. f3 d5 2. Kf2 e5 3. d3 f5 4. g3 Bc5+ 5. e3 Nc6 6. c3 Nf6 7. Ne2 O-O 8. d4 exd4
9. cxd4 Bb6 10. b3 Qe7 11. Bb2 Re8 12. Qd2 Bd7 13. Ba3 Qf7 14. Nbc3 Ne7 15. Bc5
c6 16. Bxb6 axb6 17. Bg2 Ng6 18. h3 Re7 19. Rhe1 Rae8 20. Nd1 Re6 21. Nf4 Nxf4
22. gxf4 Qe7 23. Bf1 c5 24. Rc1 Ra8 25. a4 Rc6 26. Nb2 Rac8 27. Bb5 R6c7 28. Nd3
Bxb5 29. axb5 Qd6 30. Ne5 Re7 31. b4 c4 32. Qc3 Nd7 33. Nxd7 Qxd7 34. Ra1 Rce8
35. Re2 Re6 36. Rae1 Qxb5 37. Kg2 Rg6+ 38. Kh2 Ra8 39. Rg1 Rxg1 40. Kxg1 Kf7 41.
Kf2 Ra4 42. Rb2 Ke6 43. Kg3 h6 44. h4 g6 45. Kh3 Kf6 46. Kg3 Ke6 47. Kh3 Kf6 48.
Kg3 Qa6 49. b5 Qa5 50. Qxa5 bxa5 51. b6 1-0

[Event "Challenge"]
[Site "http://www.queenalice.com/game.php?id=1455671"]
[Date "2016.12.20"]
[Round "-"]
[White "Vin100"]
[Black "pineapple"]
[Result "1-0"]
[WhiteElo "1573"]
[BlackElo "1509"]

1. e4 c5 2. c4 Nc6 3. d3 g6 4. Be3 d6 5. Qa4 Bd7 6. Nc3 Bg7 7. f4 Nf6 8. h3 O-O
9. g4 Nd4 10. Qd1 a6 11. g5 Nh5 12. Nf3 Ng3 13. Rg1 Nxf1 14. Rxf1 Bxh3 15. Rg1
Qd7 16. Nd5 Qd8 17. a3 Bd7 18. b4 Nxf3+ 19. Kf2 Nd4 20. Qd2 Nb3 21. Qc2 Nxa1 22.
Qb1 Ba4 23. bxc5 Nb3 24. Nb6 Bd4 25. Nxa4 Bxe3+ 26. Kxe3 1-0

[Event "Challenge"]
[Site "http://www.queenalice.com/game.php?id=1455672"]
[Date "2016.12.20"]
[Round "-"]
[White "pineapple"]
[Black "Vin100"]
[Result "0-1"]
[WhiteElo "1524"]
[BlackElo "1558"]

1. f4 d5 2. Nf3 f6 3. d4 Nc6 4. e3 Qd6 5. Bd3 Bg4 6. O-O e5 7. c3 Nge7 8. h3
Bxf3 9. gxf3 O-O-O 10. fxe5 fxe5 11. b3 exd4 12. cxd4 Qg3+ 13. Kh1 Qxh3+ 14. Kg1
Nf5 15. Bxf5+ Qxf5 16. Nc3 Bb4 17. Bb2 g5 18. Kf2 h5 19. Ne2 a5 20. Rc1 g4 21.
Ng3 Qg6 22. fxg4 hxg4 23. Ke2 Rh2+ 24. Rf2 Rxf2+ 25. Kxf2 Rf8+ 0-1